Psicoanálisis y religión

Saved in:
Bibliografiske detaljer
Hovedforfatter: Fromm, Erich (Author)
Format: Bog
Sprog:spansk
Udgivet: Buenos Aires Psique 1987
Fag:
Tags: Tilføj Tag
Ingen Tags, Vær først til at tagge denne postø!

MARC

LEADER 00000nam a2200000 a 4500
001 UCW0098
003 CL-VaPUC
008 890420e19870000AG |||||||||||||||||spa|d
082 0 4 |a 616.8917  |b FRO  |2 21 
100 0 |a Fromm, Erich  |e author  |9 304087 
245 1 0 |a Psicoanálisis y religión 
300 |a 155 p 
942 |c BK 
945 |d 19890420 00:00:00 
260 |a Buenos Aires  |b Psique  |c 1987 
650 7 |a PSICOANALISIS Y RELIGION  |2 CL-VaPUC  |9 269165 
650 0 |a Psicoanálisis   |9 265702 
583 |a last modification  |c 19890420 00:00:00  |k Rodrigo Vera 
999 |c 215341  |d 215339 
952 |0 0  |1 0  |4 0  |6 616_891700000000000_FRO_1987  |7 0  |8 A  |9 199486  |a BIBART  |b BIBART  |d 2019-11-14  |i 2667959  |l 1  |o 616.8917 FRO 1987  |p 2667959  |r 2025-03-13  |s 2023-08-14  |w 2019-11-14  |y BK  |k ART